000 00942nam a2200301Ia 4500
001 453
003 IT-RoPAU
008 130308s9999 xx 000 0 und d
040 _aIT-RoPAU
040 _cIT-RoPAU
041 _aITALIANO
100 _aLazarsfeld Paul Felix
100 _gCodice Aut. SPICS: 4802
245 _aAlgebra dei sistemi dicotomici (L')
245 _bAnalisi Empirica nelle Scienze Sociali (L')-2-L'Analisi Empirica della Causalita'
250 _a1a ed.
260 _aBOLOGNA
260 _bIl Mulino
260 _c1969 [1° Ed.:1969 - Ed.Ling.Originale:1961]
300 _a"32 p. (prefazione: no ; testo: 32 [pagine: 353-384])"
500 _aProdotto Incrociato cubo Dicotomico Tabelle Tetracoriche Stratificate stratificazione Ibrida Parametri Simmetrici in Generale
650 _aSOCIOLOGIA
650 _eCodice materia Spics: 3651
942 _cBK
957 _71
999 _c42471
_d42471
999 _bSI
999 _g1